| 000 | 00553nam a2200241 a 4500 | ||
|---|---|---|---|
| 001 | nice12345678 | ||
| 003 | IN_TiNIC | ||
| 005 | 20260116011403.0 | ||
| 008 | 050524s1921 alla grp 000 0 urd | ||
| 020 |
_a _c100 |
||
| 082 | 0 | 0 |
_a239.9 _bQAL |
| 100 | _aQalander, John | ||
| 245 | _aMasla-E-takhleek | ||
| 260 |
_aAllahabad _bMission Press _c1921 |
||
| 300 | _a69p | ||
| 500 | _aincludes index and biblioraphy | ||
| 505 | 2 | _aIndex | |
| 650 | _aApologetics | ||
| 700 | 1 | _aQalander, John | |
| 902 | _bSRS | ||
| 942 | _cBK | ||
| 999 |
_c1090 _d1090 |
||